Statistiques concernant Les ours de fiction par images

Cliquez ici pour prendre le quiz!

Statistiques générales

  • Ce quiz a été pris 118 fois
    (105 depuis la dernière actualisation)
  • Le résultat moyen est 9 sur 16

Statistiques - réponses

Réponse% Correct
Winnie l'ourson
98%
Baloo
97%
Paddington
90%
Petit Ours Brun
85%
Ted
79%
Po Ping
70%
Nounours
52%
Bisounours
48%
Petit Jean
48%
Ursaring
39%
Martin
34%
Ernest
29%
Mishka
28%
Polarhume
28%
Lotso
26%
Iorek Byrnison
2%

Distribution des résultats

Percentile par nombre de réponses

% des personnes avec chaque résultat

Votre développement - résultats

Vous n’avez pas pris ce quiz depuis la dernière actualisation